Vidas argentinas /

Guardado en:
Autor Principal: Amadeo, Octavio R.
Formato: Libro
Idioma:Undetermined
Publicado: Buenos Aires : Librería y editorial La Facultad, 1936.
Materias:
Etiquetas: Agregar Etiqueta
Sin Etiquetas, Sea el primero en etiquetar este registro!
LEADER 00520nam a22001575a 4500
001 EHU.bham047152
005 20110613083832.0
008 110613s1936####ag############000#0#und#d
100 1 |a Amadeo, Octavio R. 
245 1 0 |a Vidas argentinas /  |c Octavio R. Amadeo. 
260 |a Buenos Aires :  |b Librería y editorial La Facultad,  |c 1936. 
300 |a 315 p. 
600 1 7 |a Bernardino Rivadavia. 
600 1 7 |a Bartolomé Mitre. 
653 |a Biografías de argentina 
859 |a AR-BHAM  |b BIB. HUMANIDADES - Donacion Lejarraga  |h MFN001371  |p 001371.19